[Event "Skopje op-B"]
[Site "Skopje"]
[Date "2024.12.14"]
[Round "5"]
[White "Krstev, Emil"]
[Black "Stefanovski, Trajko"]
[Result "0-1"]
[WhiteElo "1916"]
[BlackElo "1660"]
[PlyCount "120"]
[EventDate "2024.12.11"]
[EventType "swiss"]
[EventRounds "9"]
[EventCountry "MKD"]
[SourceTitle "CB52_2024"]
[SourceDate "2024.12.25"]
[SourceVersion "1"]
[SourceVersionDate "2024.12.25"]
[SourceQuality "1"]

1. Nf3 Nc6 2. b3 e5 3. d3 Nf6 4. Bb2 d6 5. Nbd2 Be7 6. g3 0-0 7. Bg2 Bg4 8. h3 Bxf3 9. Bxf3 d5 10. 0-0 Qd7 11. Kh2 Rad8 12. c4 d4 13. a3 Nb8 14. b4 c5 15. b5 g5 16. g4 Kg7 17. Ne4 h6 18. Ng3 Bd6 19. Nf5+ Kg6 20. Kg2 Rh8 21. Qd2 Rde8 22. Nxd6 Qxd6 23. Bxb7 Nbd7 24. Bc1 Nf8 25. Rh1 Ne6 26. Qa5 h5 27. Be4+ Nxe4 28. dxe4 hxg4 29. hxg4 Rxh1 30. Kxh1 Rh8+ 31. Kg2 Qf8 32. Bxg5 Nxg5 33. Qe1 Qh6 34. Qh1 Qxh1+ 35. Rxh1 Rxh1 36. Kxh1 Nxe4 37. a4 Nd6 38. a5 Nxc4 39. a6 Nb6 40. Kg1 e4 41. Kf1 Kg5 42. Ke1 Kxg4 43. Kd2 f5 44. Kc2 f4 45. Kd2 Kf5 46. f3 Ke5 47. Kc2 exf3 48. exf3 Kd5 49. Kb3 c4+ 50. Kb4 d3 51. Kc3 Kc5 52. Kd2 Kxb5 53. Kc3 Kc5 54. Kd2 Kd4 55. Kc1 Ke3 56. Kd1 c3 57. Kc1 Ke2 58. Kb1 d2 59. Kc2 Nd5 60. Kb3 d1Q+ 0-1